| 000 | 00935naa a22002537a 4500 | ||
|---|---|---|---|
| 001 | BR8900434 | ||
| 003 | BR-BrBNA | ||
| 005 | 20240918180402.0 | ||
| 007 | ta | ||
| 008 | 230509b bl.||||| |||| 00| 0 por d | ||
| 040 |
_aBR-BrBNA _bpor _cBiblioteca Nacional de Agricultura |
||
| 041 | _a(Pt) | ||
| 072 |
_aL53 _b8140 |
||
| 090 | _aL53 BR8900434 | ||
| 100 | 1 | _aFontenele, O. | |
| 245 | 1 | _aUm carater sexual secundario extragenital nos tucunares (Actinopterygii, Cichlidae)e notas sobre os orgaos adesivos dos tucunares (Actinopterygii, Cichlidae) | |
| 260 | 3 |
_aFortaleza, CE (Brasil): _c1982. |
|
| 500 | _aColetanea de trabalhos tecnicos Fortaleza, CE (Brasil): 1982. p. 383-386 (BR8900434-AM)L53 | ||
| 650 | _aTUCUNARE | ||
| 650 | _aCOMPORTAMENTO SEXUAL | ||
| 773 | 0 |
_tColetanea de trabalhos tecnicos _wL53 BR8900434 _gFortaleza, CE (Brasil), 1982. p. 383-386 |
|
| 909 |
_a202404 _bLucia _c55 _dLucia Elande |
||
| 942 |
_cAM _2AGRIS |
||
| 999 |
_c320113 _d320113 |
||